000 00500nmm a2200169Ia 4500
008 251105s9999||||xx |||||||||||||||||und||
020 _a9788481693737
041 _aspa
100 _aRamírez Fueyo, Francisco
245 0 _aGálatas y Filipenses
264 _a[Madrid, España] :
_bEditorial Verbo Divino,
_c2006
300 _a176 páginas
490 _aGuías de lectura del Nuevo Testamento
650 _aReligion(s)
856 _uhttps://public.digitaliapublishing.com/a/20631
942 _cCF
999 _c85883
_d85883